000 00271nam a22001217a 4500
008 180228b xxu||||| |||| 00| 0 eng d
041 _aeng
080 _a616
100 _a4
101 _aSHM
245 _aTHE COMPLETE MEDICAL GUIDE
_cBENJAMIN.F.M
942 _2udc
_cBK
999 _c43685
_d43685